000 01236cam a2200289I 4500
001 landoflosthandke00knig
003 CaSfIA
005 20210118162858.0
007 cr||||
008 751009s1954 nyua j 000 1 eng
010 _a 52008244
040 _aDLC
_cDZM
_dOCLCQ
_dCaSfIA
035 _a(OCoLC)1688403
050 0 4 _aPZ7.K739
092 _aJ
_bJ71l
100 1 _aKnight, Marjorie.
245 1 4 _aThe land of lost handkerchiefs;
_h[electronic resource]
_cillustrated in color and black and white by Rosalie K. Fry.
250 _a[1st ed.].
260 _aNew York,
_bDutton,
_c1954.
300 _a92 p.
_billus.
_c23 cm.
029 1 _aAU@
_b000028200397
856 4 1 _uhttp://www.archive.org/details/landoflosthandke00knig
_zFree eBook from the Internet Archive
856 4 2 _uhttp://www.openlibrary.org/books/OL6111542M
_zAdditional information and access via Open Library
942 _cEB
506 _fНеобхідна авторизація на https://archive.org/ (створення облікового запису безкоштовно)
506 _fНеобхідна авторизація на https://openlibrary.org/ (створення облікового запису безкоштовно)
999 _c516781
_d516781